000
00278nam a2200121 a 4500
005
20140414093835.0
008
110304s19uu xx 00 eng d
050
_a
CDR 500
_b
AFR 1995
245
_a
African safari trophy.
650
_a
Hunter
942
_c
AVM
999
_c
108969
_d
108969